ARRUPE JESUIT UNIVERSITY

CORONAVIRUS -STOP THE SPREAD - CLEAN,DISINFECT,COVER

Make today matter : (Record no. 131573)

MARC details
000 -LEADER
fixed length control field 01178cam a22003497i 4500
001 - CONTROL NUMBER
control field 20165827
003 - CONTROL NUMBER IDENTIFIER
control field ARRUPE
005 - DATE AND TIME OF LATEST TRANSACTION
control field 20221125151008.0
008 - FIXED-LENGTH DATA ELEMENTS--GENERAL INFORMATION
fixed length control field 171206s2018 ilu b 000 0 eng d
010 ## - LIBRARY OF CONGRESS CONTROL NUMBER
LC control number 2017963072
015 ## - NATIONAL BIBLIOGRAPHY NUMBER
National bibliography number GBB893428
Source bnb
016 7# - NATIONAL BIBLIOGRAPHIC AGENCY CONTROL NUMBER
Record control number 018875422
Source Uk
020 ## - INTERNATIONAL STANDARD BOOK NUMBER
International Standard Book Number 082944663X
020 ## - INTERNATIONAL STANDARD BOOK NUMBER
International Standard Book Number 9780829446630
028 ## - PUBLISHER NUMBER
Source Arrupe
035 ## - SYSTEM CONTROL NUMBER
System control number (OCoLC)on1019579402
040 ## - CATALOGING SOURCE
Original cataloging agency YDX
Language of cataloging eng
Transcribing agency YDX
Description conventions rda
Modifying agency BDX
-- ORX
-- KPS
-- OCLCF
-- OCLCQ
-- XII
-- UKMGB
-- DLC
042 ## - AUTHENTICATION CODE
Authentication code lccopycat
050 00 - LIBRARY OF CONGRESS CALL NUMBER
Classification number BF637.S4
Item number L69 2018
082 04 - DEWEY DECIMAL CLASSIFICATION NUMBER
Classification number 158.1
Edition number 23
300 ## - PHYSICAL DESCRIPTION
Dimensions 19 cm
100 1# - MAIN ENTRY--PERSONAL NAME
Personal name Lowney, Chris,
Relator term author.
245 10 - TITLE STATEMENT
Title Make today matter :
Remainder of title 10 habits for a better life (and world) /
Statement of responsibility, etc Chris Lowney.
246 30 - VARYING FORM OF TITLE
Title proper/short title 10 habits for a better life (and world)
246 3# - VARYING FORM OF TITLE
Title proper/short title Ten habits for a better life (and world)
300 ## - PHYSICAL DESCRIPTION
Extent x, 109 pages ;
504 ## - BIBLIOGRAPHY, ETC. NOTE
Bibliography, etc Includes bibliographical references (pages 105-108).
650 #0 - SUBJECT ADDED ENTRY--TOPICAL TERM
Topical term or geographic name as entry element Self-actualization (Psychology)
9 (RLIN) 8460
650 #7 - SUBJECT ADDED ENTRY--TOPICAL TERM
Topical term or geographic name as entry element Self-actualization (Psychology)
Source of heading or term fast
9 (RLIN) 8460
906 ## - LOCAL DATA ELEMENT F, LDF (RLIN)
a 7
b cbc
c copycat
d 2
e ncip
f 20
g y-gencatlg
942 ## - ADDED ENTRY ELEMENTS (KOHA)
Source of classification or shelving scheme Library of Congress Classification
Koha item type Monograph ( Printed materials)
Holdings
Withdrawn status Lost status Source of classification or shelving scheme Damaged status Not for loan Home library Current library Shelving location Date acquired Total Checkouts Full call number Barcode Date last seen Price effective from Koha item type
    Library of Congress Classification     ARRUPE LIBRARY ARRUPE LIBRARY Main Collection 25/11/2022   BF637.S4 L69 2018 46700000087 25/11/2022 25/11/2022 Monograph ( Printed materials)

 

Arrupe Library. PO Box MP320 Mt Pleasant, Harare, Zimbabwe
263 242 745411|librarian@aju.ac.zw